1, 2 & 3 John / (Record no. 21230)

MARC details
000 -LEADER
fixed length control field 01443cam a2200397 a 4500
001 - CONTROL NUMBER
control field 4978485
003 - CONTROL NUMBER IDENTIFIER
control field OSt
005 - DATE AND TIME OF LATEST TRANSACTION
control field 20260213154130.0
008 - FIXED-LENGTH DATA ELEMENTS--GENERAL INFORMATION
fixed length control field 980428s1998 ilu 000 0 eng
010 ## - LIBRARY OF CONGRESS CONTROL NUMBER
LC control number 98007752
020 ## - INTERNATIONAL STANDARD BOOK NUMBER
International Standard Book Number 0891079939
Qualifying information pbk. : alk. paper
020 ## - INTERNATIONAL STANDARD BOOK NUMBER
International Standard Book Number 9780891079934
Qualifying information (pbk. : alk. paper)
035 ## - SYSTEM CONTROL NUMBER
System control number 4978485
040 ## - CATALOGING SOURCE
Original cataloging agency DLC
Transcribing agency DLC
Modifying agency DLC
041 1# - LANGUAGE CODE
Language code of text/sound track or separate title eng
Language code of original lat
050 00 - LIBRARY OF CONGRESS CALL NUMBER
Classification number BS2805.3
Item number .C35 1998
082 00 - DEWEY DECIMAL CLASSIFICATION NUMBER
Classification number 227/.94077
Edition number 21
100 1# - MAIN ENTRY--PERSONAL NAME
Personal name Calvin, Jean,
Dates associated with a name 1509-1564.
240 10 - UNIFORM TITLE
Uniform title In Evangelium secundum Johannem commentarius.
Language of a work English
245 10 - TITLE STATEMENT
Title 1, 2 & 3 John /
Statement of responsibility, etc. by John Calvin.
246 3# - VARYING FORM OF TITLE
Title proper/short title First, second, and third John
260 ## - PUBLICATION, DISTRIBUTION, ETC. (IMPRINT)
Place of publication, distribution, etc. Wheaton, Ill. :
Name of publisher, distributor, etc. Crossway Books,
Date of publication, distribution, etc. 1998.
300 ## - PHYSICAL DESCRIPTION
Extent 128 p. ;
Dimensions 22 cm.
336 ## - CONTENT TYPE
Content type term text
Content type code txt
Source rdacontent
337 ## - MEDIA TYPE
Media type term unmediated
Media type code n
Source rdamedia
338 ## - CARRIER TYPE
Carrier type term volume
Carrier type code nc
Source rdacarrier
440 #4 - SERIES STATEMENT/ADDED ENTRY--TITLE
Title The Crossway classic commentaries
505 0# - FORMATTED CONTENTS NOTE
Formatted contents note 1 John / by John Calvin -- 2 & 3 John / by Matthew Henry.
630 00 - SUBJECT ADDED ENTRY--UNIFORM TITLE
Uniform title Bible.
Name of part/section of a work John
Form subdivision Commentaries.
655 #7 - INDEX TERM--GENRE/FORM
Genre/form data or focus term Commentaries.
Source of term lcgft
Authority record control number https://id.loc.gov/authorities/genreForms/gf2025026014
700 1# - ADDED ENTRY--PERSONAL NAME
Personal name Henry, Matthew,
Dates associated with a name 1662-1714.
906 ## - LOCAL DATA ELEMENT F, LDF (RLIN)
a 7
b cbc
c orignew
d 1
e ocip
f 19
g y-gencatlg
942 ## - ADDED ENTRY ELEMENTS (KOHA)
Source of classification or shelving scheme Library of Congress Classification
Koha item type General Collection
Holdings
Withdrawn status Lost status Source of classification or shelving scheme Not for loan Home library Current library Shelving location Date acquired Source of acquisition Inventory number Total Checkouts Full call number Barcode Date last seen Copy number Price effective from Koha item type
    Library of Congress Classification   Kabarak, Main Campus Kabarak, Main Campus General Stacks 13/02/2026 Donation 2025/3473   BS2805.3 .C35 1998 C.1 38488 13/02/2026 C.1 13/02/2026 General Collection
Designed with assistance from East African Informatics Ltd